Cavmont capital holdings Zambia plc: annual report and consolidated financial statements for the year ended 31 December 2011 (Record no. 78094)
[ view plain ]
| 000 -LEADER | |
|---|---|
| fixed length control field | 00898nam a2200157 a 4500 |
| 008 - FIXED-LENGTH DATA ELEMENTS--GENERAL INFORMATION | |
| fixed length control field | 121219s2011 ||||||||||||||||| || u |
| 050 ## - LIBRARY OF CONGRESS CALL NUMBER | |
| Classification number | CAVMONT(058) |
| 110 ## - MAIN ENTRY--CORPORATE NAME | |
| Corporate name or jurisdiction name as entry element | Cavmont Capital Holdings Zambia plc |
| 245 10 - TITLE STATEMENT | |
| Title | Cavmont capital holdings Zambia plc: annual report and consolidated financial statements for the year ended 31 December 2011 |
| Statement of responsibility, etc. | by Cavmont Capital Holdings Zambia Plc |
| 260 ## - PUBLICATION, DISTRIBUTION, ETC. | |
| Place of publication, distribution, etc. | Lusaka: |
| Name of publisher, distributor, etc. | Cavmont Capital Holdings Zambia plc |
| Date of publication, distribution, etc. | 2011 |
| 260 ## - PUBLICATION, DISTRIBUTION, ETC. | |
| Place of publication, distribution, etc. | Lusaka: |
| Name of publisher, distributor, etc. | Cavmont capital holding Zambia Plc |
| Date of publication, distribution, etc. | 2011 |
| 300 ## - PHYSICAL DESCRIPTION | |
| Extent | [iii], 50p.: ill. |
| 650 ## - SUBJECT ADDED ENTRY--TOPICAL TERM | |
| Topical term or geographic name entry element | CAVMONT CAPITAL HOLDINGS ZAMBIA PLC--ANNUAL REPORT 2011 |
| 995 ## - | |
| -- | SPECIAL COLLECTIONS |
| -- | 414 |
| -- | CBU-MAIN LIBRARY (Kitwe) |
| -- | CAVMONT058)AR/2011/A |
| -- | 1 |
| -- | AVAILABLE |
| -- | Dec 27, 2012 |
| -- | B414 |
| -- | Zambiana Collection |
| 995 ## - | |
| -- | SPECIAL COLLECTIONS |
| -- | 415 |
| -- | CBU-MAIN LIBRARY (Kitwe) |
| -- | CAVMONT(058)AR/2011/B |
| -- | 2 |
| -- | AVAILABLE |
| -- | Dec 27, 2012 |
| -- | B415 |
| -- | Zambiana Collection |
| 999 ## - | |
| -- | 78094 |
| -- | 78094 |
| Withdrawn status | Lost status | Source of classification or shelving scheme | Damaged status | Not for loan | Permanent Location | Current Location | Shelving location | Date acquired | Total Checkouts | Full call number | Barcode | Date last seen | Copy number | Price effective from | Koha item type |
|---|---|---|---|---|---|---|---|---|---|---|---|---|---|---|---|
| CBU-MAIN LIBRARY, KITWE. | CBU-MAIN LIBRARY, KITWE. | 05/03/2023 | CAVMONT(058)AR/2011/A | B414 | 05/03/2023 | 1 | 05/03/2023 | SPECIAL COLLECTION | |||||||
| CBU-MAIN LIBRARY, KITWE. | CBU-MAIN LIBRARY, KITWE. | 05/03/2023 | CAVMONT(058)AR/2011/B | B415 | 05/03/2023 | 2 | 05/03/2023 | SPECIAL COLLECTION |